00745nam a2200241 a 4500001001300000003000900013005001700022008004100039020002300080082001500103100002300118245007500141260003300216300000900249500003500258505001000293650002700303700002300330902000800353942000700361952011800368999001700486nice12345678IN_TiNIC20260116014954.0050524s1997 u sa grp 000 0 eng  a0800663 c10000a277.3bFRA aFranklin, Robert M aAnother Day`s Journeyb Black Churches Confronting the American Crisis aU S abFortress Press c1997 a133p aincludes index and biblioraphy2 aIndex aAfro-American Chruches1 aFranklin, Robert M bSRS cBK 001040708StackRoom-aHMIbHMId2007-07-19g100.00l0o277.3 FRAp11000539r2007-07-19v100.00w2005-05-24yBK c17778d17778